[Event "FRA-chT4 1516"]
[Site "Champagne Ardennes"]
[Date "2016.01.31"]
[Round "5.4"]
[White "Biniaux, Michael"]
[Black "Evrard, Jean Luc"]
[Result "1-0"]
[WhiteElo "1733"]
[BlackElo "1655"]
[PlyCount "85"]
[EventDate "2015.12.06"]
[EventType "team-tourn"]
[EventRounds "7"]
[EventCountry "FRA"]
[SourceTitle "EXT 2024"]
[Source "ChessBase"]
[SourceDate "2023.10.10"]
[SourceVersion "1"]
[SourceVersionDate "2023.10.10"]
[SourceQuality "1"]

1. d4 d5 2. e3 Nc6 3. c4 Nf6 4. Nc3 e6 5. Qb3 Bb4 6. a3 Bxc3+ 7. bxc3 0-0 8. Nf3 Na5 9. Qa2 dxc4 10. Bxc4 Nxc4 11. Qxc4 c6 12. 0-0 Qd5 13. Qd3 Qe4 14. Qe2 h6 15. Ne1 Nd5 16. Bb2 Nf4 17. Qg4 e5 18. Qf3 Qxf3 19. gxf3 Ng6 20. Kh1 Re8 21. Rg1 exd4 22. cxd4 Nf8 23. Rg3 g6 24. Nd3 Nd7 25. Rag1 Kh7 26. f4 Nf6 27. Ne5 Ne4 28. Nxf7 Nxg3+ 29. Rxg3 Re7 30. Ne5 Bf5 31. f3 Rg8 32. e4 Be6 33. h4 Ree8 34. Nd3 Rgf8 35. h5 Bc4 36. hxg6+ Kg8 37. Ne5 Be2 38. f5 Re7 39. Rh3 h5 40. Kg2 Kg7 41. Rxh5 Rh8 42. Rxh8 Kxh8 43. f6 1-0

[Event "Le Touquet op 22nd B"]
[Site "Le Touquet"]
[Date "2007.10.28"]
[Round "2.1"]
[White "Fantin, Alison"]
[Black "Evrard, Jean Luc"]
[Result "1-0"]
[WhiteElo "1896"]
[BlackElo "1684"]
[PlyCount "93"]
[EventDate "2007.10.27"]
[EventType "swiss"]
[EventRounds "9"]
[EventCountry "FRA"]
[SourceTitle "EXT 2024"]
[Source "ChessBase"]
[SourceDate "2023.10.10"]
[SourceVersion "1"]
[SourceVersionDate "2023.10.10"]
[SourceQuality "1"]

1. e4 e5 2. Nf3 Nf6 3. d4 Nxe4 4. Qe2 d5 5. Nxe5 Qe7 6. Be3 Qb4+ 7. c3 Qe7 8. Nd2 Nxd2 9. Kxd2 Be6 10. g3 c6 11. Bg2 Nd7 12. Nxd7 Kxd7 13. Rhe1 g6 14. Bf3 Re8 15. Bg4 Bg7 16. Bf4 f5 17. Bh3 g5 18. Be5 g4 19. Bxg7 Qxg7 20. Bg2 Qg5+ 21. Qe3 Qxe3+ 22. Rxe3 Bf7 23. Rae1 Rxe3 24. Rxe3 Re8 25. f3 Rxe3 26. Kxe3 gxf3 27. Bxf3 Ke6 28. Kf4 Kf6 29. Be2 Be6 30. Bd3 h6 31. h3 b6 32. b4 b5 33. Bc2 Bd7 34. a4 a6 35. axb5 axb5 36. Bd1 Be8 37. g4 fxg4 38. Bxg4 h5 39. Bf5 Ke7 40. Kg5 Kd6 41. Bg6 Bd7 42. h4 Ke7 43. Bxh5 Kf8 44. Kf6 Bc8 45. Bf7 Bg4 46. h5 c5 47. bxc5 1-0

[Event "Le Touquet op-B 20th"]
[Site "Le Touquet"]
[Date "2005.10.25"]
[Round "3"]
[White "Evrard, Jean Luc"]
[Black "Leroy, Patrick"]
[Result "1-0"]
[WhiteElo "1664"]
[BlackElo "1880"]
[PlyCount "37"]
[EventDate "2005.10.22"]
[EventType "swiss"]
[EventRounds "9"]
[EventCountry "FRA"]
[SourceTitle "EXT 2006"]
[Source "ChessBase"]
[SourceDate "2005.11.24"]
[SourceVersion "1"]
[SourceVersionDate "2005.11.24"]
[SourceQuality "1"]

1. e4 d6 2. d4 Nf6 3. Nc3 g6 4. Nf3 Bg7 5. Bg5 0-0 6. Qd2 Nbd7 7. Bh6 c5 8. Bxg7 Kxg7 9. e5 dxe5 10. dxe5 Ng8 11. 0-0-0 Qc7 12. Qf4 e6 13. Bd3 Ne7 14. h4 Nxe5 15. Qxe5+ Qxe5 16. Nxe5 f6 17. Nc4 Bd7 18. Bxg6 Bc6 19. Be4 1-0

[Event "FRA-chT4 0506"]
[Site "France"]
[Date "2005.10.16"]
[Round "1"]
[White "Beaudiot, Alain"]
[Black "Evrard, Jean Luc"]
[Result "1/2-1/2"]
[WhiteElo "1750"]
[BlackElo "1664"]
[PlyCount "80"]
[EventDate "2005.10.02"]
[EventType "team"]
[EventRounds "9"]
[EventCountry "FRA"]
[SourceTitle "EXT 2007"]
[Source "ChessBase"]
[SourceDate "2006.11.23"]
[SourceVersion "1"]
[SourceVersionDate "2006.11.23"]
[SourceQuality "1"]

1. d3 d5 2. g3 Nf6 3. Bg2 e6 4. Nf3 Nc6 5. Nbd2 b6 6. 0-0 Bb7 7. Re1 Rb8 8. e4 dxe4 9. dxe4 Nd4 10. Nxd4 Qxd4 11. c3 Qd7 12. Qe2 e5 13. Nc4 Bd6 14. Bg5 Qg4 15. Nxd6+ cxd6 16. Bxf6 Qxe2 17. Rxe2 gxf6 18. Rd1 Ke7 19. Red2 Rbd8 20. b3 h5 21. h4 Rhg8 22. Bf3 Rh8 23. c4 f5 24. Re1 Rdg8 25. Kh2 fxe4 26. Bxe4 Bxe4 27. Rxe4 f5 28. Re1 Ke6 29. f3 Rc8 30. Red1 Rhd8 31. a4 a5 32. Kh3 Rc7 33. g4 fxg4+ 34. fxg4 hxg4+ 35. Kxg4 Rg7+ 36. Kh3 Rf7 37. h5 Rf3+ 38. Kh4 Rf4+ 39. Kh3 Rf3+ 40. Kh4 Rf4+ 1/2-1/2

[Event "FRA-chT4"]
[Site "Champagne Ardenne"]
[Date "2005.01.09"]
[Round "4"]
[White "Ricord, Lucas"]
[Black "Evrard, Jean Luc"]
[Result "1-0"]
[WhiteElo "1790"]
[BlackElo "1664"]
[PlyCount "123"]
[EventDate "2005.01.09"]
[EventRounds "7"]
[EventCountry "FRA"]
[SourceTitle "EXT 2007"]
[Source "ChessBase"]
[SourceDate "2006.11.23"]
[SourceVersion "1"]
[SourceVersionDate "2006.11.23"]
[SourceQuality "1"]

1. d4 d5 2. c4 e6 3. Nc3 Nf6 4. Bg5 Be7 5. Nf3 Nc6 6. e3 dxc4 7. Bxc4 Nd5 8. Bxe7 Ncxe7 9. e4 Nf6 10. Bd3 c6 11. 0-0 0-0 12. Qc2 Ng6 13. a4 Nf4 14. a5 Nd7 15. Bc4 a6 16. Rfd1 Nf6 17. e5 N6d5 18. Ne4 f6 19. Nd6 fxe5 20. dxe5 Nh3+ 21. Kh1 Ng5 22. Be2 Nxf3 23. Bxf3 Qg5 24. Re1 Rb8 25. Ra4 Rf4 26. Bxd5 exd5 27. Qc1 Rg4 28. Qxg5 Rxg5 29. f4 Rh5 30. Rb4 Be6 31. Rxb7 Rxb7 32. Nxb7 Rf5 33. g3 Rf8 34. Nc5 Kf7 35. Rc1 Bf5 36. Nxa6 Be4+ 37. Kg1 d4 38. Nc5 Bd5 39. Rd1 Rb8 40. b3 Rb5 41. Na4 Rxa5 42. Rxd4 Bxb3 43. Nc3 Rc5 44. Ne4 Rc1+ 45. Kg2 Bd5 46. Kh3 h6 47. Nd6+ Ke7 48. Nf5+ Kf7 49. Ne3 Ke6 50. Nxd5 cxd5 51. Kg4 Rc2 52. h4 Rc3 53. Ra4 h5+ 54. Kh3 Rc6 55. Ra7 g6 56. Rg7 Kf5 57. Rf7+ Ke6 58. Rf6+ Kd7 59. Rxc6 Kxc6 60. Kg2 d4 61. Kf2 Kd5 62. Ke2 1-0

[Event "FRA-chT4"]
[Site "Ech Ardennais/La Francheville"]
[Date "2004.11.07"]
[Round "2"]
[White "Evrard, Jean Luc"]
[Black "Melin, Georges"]
[Result "1-0"]
[WhiteElo "1850"]
[BlackElo "1650"]
[PlyCount "65"]
[EventDate "2004.10.10"]
[EventType "team"]
[EventRounds "3"]
[EventCountry "FRA"]
[SourceTitle "EXT 2007"]
[Source "ChessBase"]
[SourceDate "2006.11.23"]
[SourceVersion "1"]
[SourceVersionDate "2006.11.23"]
[SourceQuality "1"]

1. e4 d5 2. exd5 Nf6 3. d4 Nxd5 4. c4 Nf6 5. Nc3 Bf5 6. Nf3 e6 7. Bd3 Bxd3 8. Qxd3 c5 9. 0-0 cxd4 10. Qxd4 Nc6 11. Qxd8+ Rxd8 12. Bg5 Be7 13. Rfd1 0-0 14. b3 a6 15. Kf1 Nd7 16. Bxe7 Nxe7 17. Rd2 Nc6 18. Rad1 Nc5 19. Ke2 f6 20. Nd4 Rf7 21. Nxc6 Rxd2+ 22. Rxd2 Rd7 23. Rxd7 Nxd7 24. Nd4 Kf7 25. f4 e5 26. fxe5 fxe5 27. Nf5 Kf6 28. Nd6 b6 29. Ne8+ Kf7 30. Nc7 a5 31. N7d5 Ke6 32. Ne4 b5 33. Nc7+ 1-0